| 000 | 00764nam a2200205Ii 4500 | ||
|---|---|---|---|
| 003 | JO-AjNU | ||
| 008 | 230605s9999||||xx |||||||||||||| ||und|| | ||
| 040 |
_aJO-AjNU _bara _erda _cJO-AjNU |
||
| 041 | _aara | ||
| 050 | 1 | 4 | _aKMM379.5.N3488.1996 |
| 100 | 3 |
_a نجم ، محمد صبحي , _eauthor _947142 |
|
| 245 | 0 | 0 | _aقانون العقوبات : القسم العام " النظرية العامة للجريمة " |
| 250 | _aط3 | ||
| 264 | 3 | 1 | _aعمان : دار الثقافة ، 1996 |
| 300 |
_a353ص _bيشتمل على مراجع ببلوغرافية ص ( 344 -348 ) |
||
| 336 |
_atext _btxt _2rdacontent |
||
| 337 |
_aunmediated _bn _2rdamedia |
||
| 338 |
_avolume _bnc _2rdacarrier |
||
| 650 | 4 |
_aقانون العقوبات -- الاردن _947143 |
|
| 999 |
_aA20558 _c24126 _d24126 |
||